Sports Quiz

Random Sports or NFL Quiz

NFL: Pro Bowl (NFC Defense: 2006-2010) Quiz Stats

 Plays Quiz not verified by Sporcle

Score 0/112 Timer 10:00
0 Plays Today
% Correct
Kevin Williams (Minnesota) (starter)
92.8%
Kevin Williams (Minnesota) (starter)
92.8%
Kevin Williams (Minnesota) (starter)
92.8%
Pat Williams (Minnesota)
92.4%
Pat Williams (Minnesota) (starter)
92.4%
Roy Williams (Dallas)
92.4%
Pat Williams (Minnesota)
92.4%
Roy Williams (Dallas)
92.4%
Roy Williams (Dallas) (starter)
92.4%
Jared Allen (Minnesota) (starter)
90.6%
Jared Allen (Minnesota)
90.6%
Brian Urlacher (Chicago) (injured)
90.6%
Brian Urlacher (Chicago) (injured)
90.6%
Julius Peppers (Carolina) (starter)
88.3%
Julius Peppers (Carolina) (starter)
88.3%
Julius Peppers (Carolina) (starter)
88.3%
Julius Peppers (Carolina) (starter)
88.3%
DeMarcus Ware (Dallas) (starter)
87.4%
DeMarcus Ware (Dallas) (starter)
87.4%
DeMarcus Ware (Dallas (starter)
87.4%
DeMarcus Ware (Dallas) (starter)
87.4%
Charles Woodson (Green Bay) (injured)
87%
Charles Woodson (Green Bay) (injured)
87%
Justin Tuck (NY Giants) (starter)
84.3%
Patrick Willis (San Francisco) (injured)
83.9%
Patrick Willis (San Francisco) (starter)
83.9%
Patrick Willis (San Francisco)
83.9%
Justin Smith (San Francisco)
81.6%
Will Smith (New Orleans) (starter)
81.6%
Lance Briggs (Chicago) (injured)
80.7%
Lance Briggs (Chicago) (starter)
80.7%
Lance Briggs (Chicago) (injured)
80.7%
Lance Briggs (Chicago) (injured)
80.7%
Lance Briggs (Chicago)
80.7%
Michael Strahan (NY Giants) (starter)
79.8%
Brian Dawkins (Philadelphia)
78%
Brian Dawkins (Philadelphia) (injured)
78%
Brian Dawkins (Philadelphia)
78%
% Correct
Clay Matthews (Green Bay)
76.7%
Darren Sharper (New Orleans) (Super Bowl)
75.8%
Darren Sharper (Minnesota) (starter)
75.8%
Darren Sharper (Minnesota) (starter)
75.8%
Asante Samuel (Philadelphia) (starter)
73.5%
Asante Samuel (Philadelphia) (injured)
73.5%
Adrian Wilson (Arizona) (starter)
72.6%
Adrian Wilson (Arizona) (starter)
72.6%
Osi Umenyiora (NY Giants) (starter)
72.6%
Adrian Wilson (Arizona) (starter)
72.6%
Osi Umenyiora (NY Giants)
72.6%
Derrick Brooks (Tampa Bay) (injured)
71.7%
Derrick Brooks (Tampa Bay)
71.7%
Derrick Brooks (Tampa Bay) (starter) (MVP)
71.7%
Al Harris (Green Bay)
70.9%
Tommie Harris (Chicago) (injured)
70.9%
Al Harris (Green Bay) (starter)
70.9%
Tommie Harris (Chicago) (injured)
70.9%
Tommie Harris (Chicago) (starter)
70.9%
Trent Cole (Philadelphia) (starter)
70.4%
Trent Cole (Philadelphia)
70.4%
Walt Harris (San Francisco)
70.4%
Ronde Barber (Tampa Bay) (starter)
68.6%
Ronde Barber (Tampa Bay) (starter)
68.6%
Ronde Barber (Tampa Bay) (starter)
68.6%
Mike Jenkins (Dallas)
67.7%
Kris Jenkins (Carolina) (starter)
67.7%
Terence Newman (Dallas) (starter)
66.4%
Terence Newman (Dallas)
66.4%
DeAngelo Hall (Atlanta) (starter)
65.9%
DeAngelo Hall (Atlanta) (starter)
65.9%
London Fletcher (Washington) (starter)
65.5%
Sean Taylor (Washington) (death)
65.5%
Sean Taylor (Washington) (starter)
65.5%
Mike Brown (Chicago) (injured)
64.1%
Jon Beason (Carolina)
62.8%
Jon Beason (Carolina)
62.8%
Keith Brooking (Atlanta) (starter)
61%
% Correct
Nick Collins (Green Bay) (starter)
59.6%
Nick Collins (Green Bay) (starter)
59.6%
Jay Ratliff (Dallas) (starter)
59.2%
Jay Ratliff (Minnesota) (starter)
59.2%
Antoine Winfield (Minnesota) (starter)
58.7%
Andy Lee (San Francisco)
58.3%
Andy Lee (San Francisco)
58.3%
Jeremiah Trotter (Philadelphia) (starter)
57.4%
Julian Peterson (Seattle)
57%
Julian Peterson (Seattle) (starter)
57%
Julian Peterson (Seattle) (starter)
57%
Lofa Tatupu (Seattle) (starter)
56.5%
Lofa Tatupu (Seattle) (starter)
56.1%
Lofa Tatupu (Seattle)
56.1%
Brian Orakpo (Washington) (starter)
55.6%
Jonathan Vilma (New Orleans) (Super Bowl)
55.2%
Darnell Dockett (Arizona) (starter)
54.7%
Darnell Dockett (Arizona)
54.7%
Antrel Rolle (Arizona)
54.3%
Dominique Rodgers-Cromartie (Arizona) (injured)
52.9%
Antonio Pierce (NY Giants)
51.6%
Aaron Kampman (Green Bay) (starter)
51.1%
Aaron Kampman (Green Bay)
51.1%
Shaun Rogers (Detroit) (starter)
46.6%
Lito Sheppard (Philadelphia) (injured)
45.3%
Patrick Kerney (Seattle) (injured)
44.4%
Marcus Trufant (Seattle) (starter)
44.4%
Greg Ellis (Dallas)
43.9%
Roman Harper (New Orleans) (Super Bowl)
40.4%
Nathan Vasher (Chicago)
39.9%
Jeff Feagles (NY Giants)
34.1%
Mat McBriar (Dallas)
34.1%
Quintin Mikell (Philadelphia)
27.4%
Rod Coleman (Atlanta)
26.5%
Ken Hamlin (Dallas) (starter)
25.1%
Josh Bidwell (Tampa Bay)
21.1%

You're not logged in!

Compare scores with friends on all Sporcle quizzes.
OR
Log In

Show Comments

Extras

Top Quizzes Today


Score Distribution

Your Account Isn't Verified!

In order to create a playlist on Sporcle, you need to verify the email address you used during registration. Go to your Sporcle Settings to finish the process.

Report this User

Report this user for behavior that violates our Community Guidelines.

Details: